Finland First Level Subdivisions - Statistics

General Stats
  • This quiz has been taken 480 times
  • The average score is 12 of 19
Answer Stats
Maakuntaa % Correct
Lapland
89%
Central
88%
South Karelia
77%
North Karelia
76%
North Ostrobothnia
73%
Ostrobothnia
72%
South Ostrobothnia
71%
Uusimaa
68%
Åland Islands
65%
Southwest
64%
Central Ostrobothnia
60%
Kainuu
57%
Pirkanmaa
52%
Satakunta
51%
Northern Savonia
49%
Southern Savonia
49%
Kymenlaakso
43%
Tavastia
43%
Päijänne Tavastia
41%
No matching quizzes found
Score Distribution
Percent of People with Each Score
Percentile by Number Answered
Your Score History
You have not taken this quiz